| 000 | 01051cam a22002777a 4500 | ||
|---|---|---|---|
| 001 | 18016359 | ||
| 005 | 20201128023626.0 | ||
| 008 | 140123t2014 enka frb 001 0 eng d | ||
| 020 | _a9780857096609 | ||
| 020 | _a0857096605 | ||
| 040 |
_aBTCTA _beng _cBTCTA _dBDX _dUKMGB _dYDXCP _dOCLCO _dCUI _dDLC _dEG-ScBUE |
||
| 082 | 0 | 4 |
_a620.5 _222 _bNAN |
| 245 | 0 | 0 |
_aNanosensors for chemical and biological applications : _bsensing with nanotubes, nanowires and nanoparticles / _cedited by Kevin C. Honeychurch. |
| 260 |
_aCambridge ; _aWaltham : _bWoodhead Publishing / Elsevier, _cc.2014. |
||
| 300 |
_axx, 352 p. : _bill. ; _c24 cm. |
||
| 490 | 0 |
_aWoodhead Publishing series in electronic and optical materials ; _vno. 61 |
|
| 500 | _aIndex : p. 339-352. | ||
| 504 | _aIncludes bibliographical references. | ||
| 541 | _aBUE book fair. | ||
| 650 | 0 |
_aChemical detectors. _2BUEsh _927582 |
|
| 650 | 7 |
_aNanostructured materials. _2BUEsh _9518 |
|
| 651 | _2BUEsh | ||
| 653 |
_bENGGEN _cDecember2015 |
||
| 700 | 1 |
_aHoneychurch, Kevin C., _eeditor. |
|
| 942 | _2ddc | ||
| 999 |
_c21110 _d21082 |
||